000 00594nam a22001937a 4500
005 20251108164031.0
008 250721s9999 xx 000 0 ara d
082 1 4 _a347.10565/عقا
100 1 _aفايز، عقاب
245 1 0 _aدعوى التفريق للشقاق و النزاع و إجراءاتها في القانون الأردني /
264 1 _aعمان :
_c[19-].
300 _a269ص
650 1 7 _aقانون الأحوال الشخصية
650 1 7 _aالطلاق
650 1 7 _aالفقه الإسلامي
650 1 7 _aالأردن
942 _2ddc
_cBK
999 _c1932
_d1932